Países mais próximos de Cuba - Statistics

Estatísticas Gerais
  • Esse quiz foi jogado 57 vezes
  • A pontuação média é 14 de 20
Estatísticas das Respostas
km país % Correto
149 Estados Unidos
98%
197 México
98%
85 Haiti
93%
642 Honduras
93%
716 Nicarágua
93%
509 Belize
91%
1151 Panamá
91%
255 República Dominicana
89%
89 Bahamas
87%
1168 Costa Rica
87%
146 Jamaica
87%
940 El Salvador
85%
630 Guatemala
85%
968 Venezuela
67%
891 Colômbia
63%
1179 França
33%
1181 Países Baixos
22%
1014 Curaçao
17%
943 Aruba
15%
1181 Sint Maarten
2%
Nenhum quiz correspondente encontrado
Distribuição das Pontuações
Porcentagem de Pessoas com Cada Pontuação
Percentil de Números Respondidos
Sua Pontuação Histórica
Você não jogou esse quiz